Felicidad de Madrid y aun de toda la España o Aclaraciones acerca del modo de realizar el abastecimiento de aguas a esta capital, en siete meses y con un solo millon de gastos... / (Record no. 166942)

MARC details
000 -LEADER
campo de control de longitud fija 00952nam a22002055i 4500
001 - NÚMERO DE CONTROL
campo de control 166942
003 - IDENTIFICADOR DE NÚMERO DE CONTROL
campo de control ES-MaACL
005 - FECHA Y HORA DE LA ÚLTIMA TRANSACCIÓN
campo de control 20231204180721.0
008 - DATOS DE LONGITUD FIJA--INFORMACIÓN GENERAL
campo de control de longitud fija 940206s1845 sp |||| | spa d
080 ## - NÚMERO DE LA CLASIFICACIÓN DECIMAL UNIVERSAL
Número de la Clasificación Decimal Universal 628.1(460.27 M.)
100 1# - ENTRADA PRINCIPAL--NOMBRE DE PERSONA
Nombre de persona Vallejo, José Mariano,
Fechas asociadas al nombre 1779-1846
9 (RLIN) 139765
245 10 - MENCIÓN DEL TÍTULO
Título Felicidad de Madrid y aun de toda la España o Aclaraciones acerca del modo de realizar el abastecimiento de aguas a esta capital, en siete meses y con un solo millon de gastos... /
Mención de responsabilidad, etc. por José Mariano Vallejo.
260 ## - PUBLICACIÓN, DISTRIBUCIÓN, ETC.
Lugar de publicación, distribución, etc. Madrid :
Nombre del editor, distribuidor, etc. [s.n.],
Fecha de publicación, distribución, etc. 1845 (
Fabricante Imp. Garrasayaza)
300 ## - DESCRIPCIÓN FÍSICA
Extensión VIII, 69 p., [1] h. pleg. ;
Dimensiones 23 cm.
530 ## - NOTA DISPONIBLE DE FORMULARIO FÍSICO ADICIONAL
Nota de formato físico adicional disponible Disponible en formato digital.
650 #4 - PUNTO DE ACCESO ADICIONAL DE MATERIA--TÉRMINO DE MATERIA
Término de materia o nombre geográfico como elemento de entrada Agua-
Subdivisión general Abastecimiento-
Subdivisión geográfica Madrid (Comunidad Autónoma)
9 (RLIN) 174820
852 4# - LOCALIZACIÓN
Ubicación ES-MaACL
Número de control de estantería T-21-F-10
Nota libre - Enc. hol.
-- - Enc. en un vol. facticio
856 4# - LOCALIZACIÓN Y ACCESO ELECTRÓNICOS
Identificador Uniforme de Recursos <a href="http://bdh-rd.bne.es/viewer.vm?id=0000114302&page=1 ">http://bdh-rd.bne.es/viewer.vm?id=0000114302&page=1 </a>
Nota pública Biblioteca Digital Hispánica
Holdings
Estatus retirado Estado de pérdida Estado de daño No para préstamo Colección Biblioteca de origen Biblioteca actual Ubicación en estantería Fecha de adquisición Total de préstamos Signatura topográfica completa Código de barras Visto por última vez Precio de reemplazo Tipo de ítem Koha
        Colección de folletos Biblioteca del Ateneo de Madrid Biblioteca del Ateneo de Madrid Depósito folletos 17/01/2008   T-21-F-10 1175118 23/02/2023 23/02/2023 Folleto